Best High School Basketball Players in West Virginia - Statistics

General Stats
  • This quiz has been taken 4 times
  • The average score is 2 of 12
Answer Stats
Team (Class) Number (AVG) Answer % Correct
James Monroe (A) 12 (21.8) Eli Allen
67%
Fairmont Senior (AAA) 4 (21.2) Zycheus Dobbs
67%
Ripley (AAA) (he's 6 foot 11) 1 (22.8) Luke Johnson
33%
Ravenswood (AA) 2 (22.6) Matthew Carte
33%
Morgantown (AAAA) 5 (21.0) Sharron Young
33%
South Harrison (AA) (only on here because he hit 20 threes in a game) 3 (11.8) Austin Peck
0%
South Harrison (AA) 5 (23.6) Corey Boulden
0%
Herbert Hoover (AAA) 24 (22.7) Eli Robertson
0%
Charleston Catholic (AA) 24 (19.7) Jayallen Turner
0%
South Harrison (AA) 14 (18.3) Noah Burnside
0%
Chapmanville (AA) 0 (21.1) Sal Dean
0%
Tucker County (A) 10 (16.0) Trevan Bonner
0%
No matching quizzes found
Score Distribution
Percent of People with Each Score
Percentile by Number Answered
Your Score History
You have not taken this quiz